| 000 | 00872cac a22002535a 4500 | ||
|---|---|---|---|
| 005 | 20201128013206.0 | ||
| 008 | 101103s2003 ii a frb 001 0 eng d | ||
| 020 | _a8120315537 | ||
| 020 | _a9788120315532 | ||
| 040 |
_aEG-ScBUE _beng _cEG-ScBUE _dEG-ScBUE |
||
| 082 | 0 | 4 |
_a001.642 _bTAN _222 |
| 100 | 1 |
_aTanenbaum, Andrew S., _936862 _d1944- |
|
| 245 | 1 | 0 |
_aStructured computer organization / _cAndrew S. Tanenbaum ; with contributions from James R. Goodman. |
| 250 | _a4th ed. | ||
| 260 |
_aNew Delhi : _bPrentice Hall, _c2003. |
||
| 300 |
_axviii, 669 p. : _bill. ; _c25 cm. |
||
| 504 | _aIncludes bibliographical references and index. | ||
| 650 | 7 |
_aComputer programming. _93821 _2BUEsh |
|
| 650 | 7 |
_aComputer organization. _9959 _2BUEsh |
|
| 651 | _2BUEsh | ||
| 653 |
_bGGEN _bCOMSCI _cFebruary2018 |
||
| 700 | 1 |
_aGoodman, James R. _920924 |
|
| 942 |
_cBB _k004.22 TAN _2ddc |
||
| 999 |
_c417 _d417 |
||